Czy znasz największe miasto danego województwa? - Statystyki

Ogólne statystyki
  • Ten quiz został rozwiązany 67 razy
  • Średni wynik to 7 z 15
Statystyki odpowiedzi
Zagadnienie Odpowiedź % Poprawnych
Pomorskie Gdańsk
100%
Kujawsko-pomorskie Bydgoszcz
71%
Warmińsko-Mazurskie Olsztyn
71%
Zachodnio-Pomorskie Szczecin
71%
Mazowieckie Warszawa
71%
Lubuskie Zielona góra
71%
Podlaskie Białystok
57%
Lubelskie Lublin
57%
Świętokrzyskie Kielce
29%
Małopolskie Kraków
29%
Podkarpackie Rzeszów
29%
Śląskie Katowice
14%
Łódzkie Łódz
14%
Wielkopolskie Poznań
14%
Dolno-śląskie Wrocław
14%
Nie znaleziono quizów pasujących do podanych kryteriów
Rozkład punktacji
Procent ludzi z każdym wynikiem
Percentyl według liczby udzielonych odpowiedzi
Twoja historia wyników
Nie rozwiązałeś tego quizu